LEADER 00868nam a2200229 i 4500 001 000000171181 003 CaOOAMICUS 005 20080428000000.0 008 080428s1976 it u000 u ita u 013 $a148607 040 $aSeMil$bita 245 10$aColline di Brianza :$bnella terra manzoniana. 260 $a[Lecco] :$bBanca popolare di Lecco,$cstampa 1976. 300 $a1 v. :$briccamente ill. ;$c17x24 cm. 500 $aFondo Card. Giovanni Colombo. 650 4$aBrianza.$0(OLS)http://semarc/subject/5843 850 $aSeMil 852 $aSeMil$W1$xVenegono$y1$m4Y III 55$j122056$B122056$CSeMilBibl$Z2$F133985 $81 941 1 $a3 961 $aLascito: Colombo Card. Giovanni 996 $6245$aColline di Brianza :$bnella terra manzoniana$9(OLS)http://semarc/title/244881 996 $6260$a[Lecco] :$bBanca popolare di Lecco$9(OLS)http://semarc/publisher/32020 LEADER 00379nab a2200145 i 4500 001 000000263402 003 CaOOAMICUS 005 20190318151725.0 008 060118n xx uu u0 0und r 013 $a5065 040 $aSeMil$bita 245 10$aDecember. 773 0 $t2005.$dLeuven : Peeters, 2005.$w()141430 996 $6245$aDecember$9(OLS)http://semarc/title/421671